[Event "62nd ch-IND 2025"]
[Site "Guntur IND"]
[Date "2025.09.29"]
[Round "9.14"]
[White "Jain, Kashish Manoj"]
[Black "Shreyash Singh"]
[Result "1-0"]
[WhiteTitle "IM"]
[WhiteElo "2398"]
[BlackElo "2065"]
[WhiteFideId "35081098"]
[BlackFideId "33426058"]
[EventDate "2025.09.21"]

1. e4 c6 2. d4 d5 3. e5 Bf5 4. Nf3 e6 5. Be2 c5 6. Be3 cxd4 7. Nxd4 Ne7 8. c4
Nbc6 9. Qa4 a6 10. Nc3 dxc4 11. O-O-O Qa5 12. Qxa5 Nxa5 13. Nxf5 Nxf5 14. Bb6
Nc6 15. f4 Rc8 16. a3 Be7 17. g4 Nh4 18. Ne4 h5 19. gxh5 Nf5 20. Bg4 Nb8 21.
Rhg1 Nd7 22. Bf2 Nc5 23. Nxc5 Bxc5 24. Bxc5 Rxc5 25. Bxf5 exf5 26. Rxg7 Rxh5 27.
Rg8+ Ke7 28. Rdd8 f6 29. Rge8+ Kf7 30. e6+ Kg7 31. Rg8+ Kh7 32. Rh8+ 1-0

[Event "62nd ch-IND 2025"]
[Site "Guntur IND"]
[Date "2025.09.29"]
[Round "9.15"]
[White "Sidhant, Mohapatra"]
[Black "Surendran, N"]
[Result "1/2-1/2"]
[WhiteTitle "IM"]
[WhiteElo "2384"]
[BlackElo "2158"]
[WhiteFideId "5028698"]
[BlackFideId "5021243"]
[EventDate "2025.09.21"]

1. e4 c5 2. Nf3 a6 3. c3 Nf6 4. e5 Nd5 5. d4 cxd4 6. Bc4 Nb6 7. Bb3 Nc6 8. O-O
d5 9. exd6 e6 10. cxd4 Bxd6 11. Nc3 O-O 12. a3 Nd5 13. Bc2 Nxc3 14. bxc3 g6 15.
Bh6 Re8 16. Re1 Bd7 17. Ng5 Bf8 18. Qf3 Qe7 19. Qh3 Bxh6 20. Qxh6 f6 21. Ne4 Nd8
22. Re3 Nf7 23. Qh4 Kg7 24. Rh3 h6 25. Nc5 b6 26. Nd3 e5 27. Rg3 f5 28. Qxe7
Rxe7 29. dxe5 Nxe5 30. Re1 Rae8 31. Rge3 Nc6 32. Rxe7+ Rxe7 33. Rxe7+ Nxe7 34.
Ne5 Be8 35. Bb3 f4 36. g3 1/2-1/2

[Event "62nd ch-IND 2025"]
[Site "Guntur IND"]
[Date "2025.09.29"]
[Round "9.16"]
[White "Lalit Babu M R"]
[Black "Joel Paul Ganta"]
[Result "1-0"]
[WhiteTitle "GM"]
[BlackTitle "CM"]
[WhiteElo "2502"]
[BlackElo "2050"]
[WhiteFideId "5024595"]
[BlackFideId "35066145"]
[EventDate "2025.09.21"]

1. d4 Nf6 2. Nf3 g6 3. c4 Bg7 4. Nc3 d5 5. h4 dxc4 6. e4 c5 7. d5 b5 8. h5 Nxh5
9. Nxb5 O-O 10. Bxc4 Bg4 11. Rh4 Bxf3 12. Qxf3 Nd7 13. Be2 e6 14. Qh3 exd5 15.
exd5 Rb8 16. Kf1 Re8 17. Be3 a6 18. Rxh5 gxh5 19. Nd6 Rxe3 20. Qxe3 Rxb2 21. Rd1
Be5 22. Nc4 Qh4 23. Qh3 Qxh3 24. gxh3 Rb8 25. Nxe5 Nxe5 26. d6 c4 27. Rd5 f6 28.
f4 Nd7 29. Bxc4 Kf8 30. Bxa6 Rb4 31. Bb5 Rxf4+ 32. Kg2 Ke8 33. Rxh5 1-0

[Event "62nd ch-IND 2025"]
[Site "Guntur IND"]
[Date "2025.09.29"]
[Round "9.17"]
[White "Rohith, Krishna S"]
[Black "Deshmukh, Anup"]
[Result "1/2-1/2"]
[WhiteTitle "IM"]
[BlackTitle "IM"]
[WhiteElo "2503"]
[BlackElo "2099"]
[WhiteFideId "46617051"]
[BlackFideId "5000564"]
[EventDate "2025.09.21"]

1. d4 Nf6 2. c4 g6 3. g3 c6 4. Bg2 d5 5. Qa4 a6 6. cxd5 b5 7. Qd1 cxd5 8. Nc3
Bb7 9. Nh3 Bg7 10. Nf4 O-O 11. O-O e6 12. b3 Nc6 13. e3 Rc8 14. Bb2 Re8 15. Rc1
Re7 16. Nd3 Rec7 17. Qd2 h5 18. Rfd1 h4 19. Nc5 hxg3 20. hxg3 Ne7 21. Ba3 Nf5
22. Qe2 Bh6 23. Bb4 Qe8 24. Ba5 Re7 25. Nd3 Kg7 26. Ne5 Qh8 27. g4 Nh4 28. a4
Qh7 29. f3 Rh8 30. Rd3 Ne8 31. Nd1 Nxg2 32. Qxg2 bxa4 33. Bd8 Bg5 34. bxa4 Qh4
35. Nf2 a5 36. f4 Nd6 37. Bxe7 Bxe7 38. Nf3 Qh7 39. Rc7 Bh4 40. Rb3 Bxf2+ 41.
Kxf2 Ne4+ 42. Kg1 Ba6 43. Rb6 Rc8 44. Rxc8 Bxc8 45. Rb5 Qh8 46. Rb8 Nd6 47. Qh2
Qd8 48. Ng5 Qc7 49. Qh7+ Kf6 50. Rb1 Qc3 51. Qh3 Ke7 52. Qg3 Nc4 53. Re1 Bd7 54.
Qh4 Ke8 55. Qh8+ Ke7 56. Qh4 Ke8 57. f5 exf5 58. Nh7 Be6 59. gxf5 gxf5 60. Nf6+
Kf8 61. Kh1 Qc2 62. Rg1 Ke7 63. Nxd5+ Kd7 64. Qe7+ Kc6 65. Qc5+ Kb7 66. Qc7+ Ka6
67. Qc6+ Ka7 68. Nc7 Qe4+ 69. Qxe4 fxe4 70. Nxe6 fxe6 71. Rg6 Nxe3 72. Rxe6 Nd1
73. Kg2 Nc3 74. Kf2 Nxa4 75. Ke3 Nb6 76. Kxe4 Ka6 77. Re5 a4 78. Rc5 Nd7 79. Rc7
Nb6 80. d5 Kb5 81. d6 a3 82. Rc1 a2 83. Ra1 Kc6 84. Ke5 Nc4+ 85. Ke6 Nxd6 86.
Rc1+ Kb5 87. Kxd6 Kb4 88. Rh1 Kb3 89. Kc5 Kb2 90. Kb4 a1=Q 91. Rxa1 1/2-1/2

[Event "62nd ch-IND 2025"]
[Site "Guntur IND"]
[Date "2025.09.29"]
[Round "9.18"]
[White "Abhishek, Kelkar"]
[Black "Srihari, L R"]
[Result "0-1"]
[WhiteTitle "IM"]
[BlackTitle "GM"]
[WhiteElo "2172"]
[BlackElo "2481"]
[WhiteFideId "5019257"]
[BlackFideId "46617116"]
[EventDate "2025.09.21"]

1. d4 e6 2. c4 f5 3. Nf3 Nf6 4. Bf4 Bb4+ 5. Nc3 b6 6. e3 Bb7 7. Be2 Ne4 8. Qb3
Nc6 9. h4 Qe7 10. c5 bxc5 11. a3 Na5 12. Qc2 Bxc3+ 13. bxc3 c4 14. Ne5 Bd5 15.
f3 Nf6 16. Qa4 Nc6 17. Nxc4 Bxc4 18. Bxc4 Nh5 19. Bxc7 Rc8 20. Bf4 Nxf4 21. exf4
Qd6 22. g3 Ne7 23. O-O Kf7 24. Rac1 Rc7 25. Rfd1 Nd5 26. Bxd5 Qxd5 27. Rd3 Rhc8
28. Rc2 a5 29. Rc1 Rc4 30. Qd1 a4 31. Qe1 Rb8 32. Qe5 Rb3 33. Re3 Qxe5 34. dxe5
Rxa3 35. Kf2 Rb3 36. Ke2 a3 37. Kd3 Rc6 38. Re2 Ke7 39. Ra2 h5 40. Kd4 Kd8 41.
c4 d5 42. c5 Ra6 43. Rc3 Rxc3 44. Kxc3 Kc7 45. Kd4 0-1

[Event "62nd ch-IND 2025"]
[Site "Guntur IND"]
[Date "2025.09.29"]
[Round "9.19"]
[White "Gyana, Sai Santhosh M"]
[Black "Prraneeth, Vuppala"]
[Result "0-1"]
[BlackTitle "GM"]
[WhiteElo "2098"]
[BlackElo "2475"]
[WhiteFideId "25611135"]
[BlackFideId "46622373"]
[EventDate "2025.09.21"]

1. Nf3 d5 2. g3 b6 3. Bg2 Bb7 4. d4 e6 5. O-O Nd7 6. c3 Ngf6 7. Bf4 h6 8. Ne5
Nxe5 9. Bxe5 Nd7 10. Bf4 g5 11. Bc1 Bg7 12. c4 O-O 13. cxd5 exd5 14. Nc3 Nf6 15.
Bh3 Ne4 16. f3 Nd6 17. Be3 Nc4 18. Bf2 Nxb2 19. Qb3 Nc4 20. Rad1 f5 21. Qc2 Qd7
22. e4 g4 23. Nxd5 fxe4 24. Nf4 Rxf4 25. gxf4 gxh3 26. Qxc4+ Bd5 27. Qc2 exf3
28. Qg6 Rf8 29. Rfe1 Qf7 30. Qxf7+ Kxf7 31. a3 Bf6 32. Bg3 Rg8 33. Kf2 h5 34.
Ke3 h4 35. Bf2 c6 36. Kd3 Rg2 37. Ke3 Kg6 38. a4 Kf5 39. Rg1 Be7 40. Rxg2 hxg2
41. h3 Bd6 42. Bxh4 Bxf4+ 43. Kf2 b5 44. Bg3 Bxg3+ 45. Kxg3 bxa4 46. h4 a3 47.
Rc1 a2 48. Kf2 Kg4 49. h5 Kxh5 50. Kg1 Kg4 51. Kf2 Be4 52. d5 cxd5 53. Ra1 Bb1
54. Kg1 d4 55. Kh2 d3 56. Rxb1 axb1=B 0-1

[Event "62nd ch-IND 2025"]
[Site "Guntur IND"]
[Date "2025.09.29"]
[Round "9.20"]
[White "Nirvan Bhamidi"]
[Black "Dhulipalla, Bala Chandra Prasad"]
[Result "1/2-1/2"]
[BlackTitle "IM"]
[WhiteElo "2098"]
[BlackElo "2446"]
[WhiteFideId "33386722"]
[BlackFideId "25005812"]
[EventDate "2025.09.21"]

1. e4 e5 2. Nf3 Nc6 3. Bc4 Nf6 4. d3 Be7 5. O-O O-O 6. Nc3 d6 7. a4 Bg4 8. h3
Bh5 9. Be3 Qc8 10. Nd5 Nxd5 11. Bxd5 Kh8 12. g4 Bg6 13. a5 a6 14. c3 Nd8 15. b4
c6 16. Bb3 Qd7 17. c4 Ne6 18. Re1 h5 19. Nh2 hxg4 20. hxg4 Bg5 21. Kg2 c5 22. b5
Nf4+ 23. Bxf4 Bxf4 24. Qf3 Bh7 25. Rh1 g6 26. bxa6 Rxa6 27. Ba4 Qe7 28. Bb5 Raa8
29. Qh3 f5 30. Nf3 Rf7 31. Nh4 Rg8 32. a6 bxa6 33. Rxa6 Bg5 34. Nf3 Rgf8 35.
gxf5 gxf5 36. Bc6 Rg7 1/2-1/2

[Event "62nd ch-IND 2025"]
[Site "Guntur IND"]
[Date "2025.09.29"]
[Round "9.21"]
[White "Vandan Alankar Sawai"]
[Black "Srihari, L"]
[Result "1/2-1/2"]
[WhiteTitle "CM"]
[BlackTitle "IM"]
[WhiteElo "2086"]
[BlackElo "2373"]
[WhiteFideId "25973096"]
[BlackFideId "46642056"]
[EventDate "2025.09.21"]

1. e4 c6 2. d4 d5 3. Nc3 dxe4 4. Nxe4 Nf6 5. Nxf6+ exf6 6. c3 Bd6 7. Bd3 O-O 8.
Ne2 Na6 9. O-O Re8 10. Be3 Nc7 11. c4 Bg4 12. Qd2 Bxe2 13. Bxe2 f5 14. Bf3 f4
15. Bxf4 Bxf4 16. Qxf4 Ne6 17. Qg4 Qxd4 18. b4 Qxg4 19. Bxg4 Nd4 20. Rac1 Re4
21. Bf3 Nxf3+ 22. gxf3 Rd4 23. Rfe1 Kf8 24. Re5 b6 25. Rc3 Rad8 26. Kg2 g6 27.
Ra3 Rxc4 28. Rxa7 Rxb4 29. Ree7 Rf4 30. Reb7 b5 31. Rc7 Rd5 32. Rxc6 Rg5+ 33.
Kf1 Rxf3 34. Rb7 Kg7 35. Rc2 Rh3 36. Rcc7 Rf5 37. Kg2 Rd3 38. Rd7 Rdf3 39. Rd2
h5 40. Rbd7 h4 41. h3 g5 42. R7d3 Rxd3 43. Rxd3 Kg6 44. Rb3 Re5 45. Rb4 Kf5 46.
a4 bxa4 47. Rxa4 Re4 48. Ra7 Kg6 49. Ra6+ f6 50. Ra8 Re7 51. Kf3 Rc7 52. Kg2 Rd7
53. Kf3 Rd3+ 54. Kg2 f5 55. Ra6+ Kg7 56. Ra7+ Kf6 57. Ra8 g4 58. hxg4 h3+ 59.
Kh2 fxg4 60. Rf8+ Ke5 61. Re8+ Kf4 62. Rf8+ Ke4 63. Re8+ Kf3 64. Rf8+ Ke2 65.
Rf4 1/2-1/2

[Event "62nd ch-IND 2025"]
[Site "Guntur IND"]
[Date "2025.09.29"]
[Round "9.22"]
[White "Das, Arghyadip"]
[Black "Sharnarthi Shlok"]
[Result "1-0"]
[WhiteTitle "IM"]
[WhiteElo "2353"]
[BlackElo "2046"]
[WhiteFideId "5003610"]
[BlackFideId "25977776"]
[EventDate "2025.09.21"]

1. Nf3 d6 2. d4 Nf6 3. g3 Nbd7 4. c4 g6 5. Nc3 Bg7 6. Bg2 O-O 7. O-O e5 8. Qc2
a6 9. Rd1 exd4 10. Nxd4 Rb8 11. a4 h6 12. b3 Re8 13. a5 Qe7 14. Bb2 c6 15. Rd2
Ne5 16. Qd1 c5 17. Nc2 b6 18. axb6 Rxb6 19. Ne3 Bb7 20. Na4 Rb4 21. Bxb7 Qxb7
22. Rxd6 Ne4 23. Rd8 Rxd8 24. Qxd8+ Kh7 25. Rd1 Ng5 26. Qd5 Rxb3 27. Qxb7 Rxb7
28. Bxe5 Bxe5 29. Nxc5 Rc7 30. Nxa6 Ra7 31. Nb4 Bg7 32. c5 Bf8 33. Rc1 Ne6 34.
Nd3 Rc7 35. Nd5 Rc8 36. Nb6 Rc6 37. Na4 Ra6 38. Rc4 Rc6 39. Kg2 Kg7 40. g4 Be7
41. f4 f5 42. gxf5 gxf5 43. Kf3 Ra6 44. e3 Nd8 45. Nc3 Nc6 46. Nb5 Bf6 47. Nd4
Ne7 48. Ne5 Ra2 49. c6 Rxh2 50. c7 Bh4 51. Nxf5+ Nxf5 52. c8=Q Rf2+ 53. Kg4
Nxe3+ 54. Kxh4 Rh2+ 55. Kg3 Nf1+ 56. Kf3 Nd2+ 57. Kg4 Rg2+ 58. Kh3 1-0

[Event "62nd ch-IND 2025"]
[Site "Guntur IND"]
[Date "2025.09.29"]
[Round "9.23"]
[White "Ayaan Garg"]
[Black "Subhayan, Kundu"]
[Result "0-1"]
[BlackTitle "IM"]
[WhiteElo "2091"]
[BlackElo "2352"]
[WhiteFideId "25182242"]
[BlackFideId "5094801"]
[EventDate "2025.09.21"]

1. d4 Nf6 2. c4 e6 3. Nc3 Bb4 4. f3 c5 5. a3 Bxc3+ 6. bxc3 Nc6 7. e4 d6 8. Be3
b6 9. Bd3 Na5 10. Ne2 Ba6 11. O-O Qc7 12. Bg5 Nd7 13. f4 f6 14. Bh4 O-O-O 15. d5
e5 16. f5 Qb7 17. Rb1 Nxc4 18. Qc1 Nxa3 19. Bxa6 Qxa6 20. Ra1 Qxe2 21. Qxa3 a5
22. Qa4 Nb8 23. Rfb1 Qa6 24. Rb3 Rd7 25. Rab1 Rb7 26. c4 Rd8 27. Be1 Rdd7 28.
Rb5 Qa7 29. R5b2 Na6 30. Qc6+ Rbc7 31. Qxb6 Nb4 32. Qb5 Rb7 33. Qa4 Qa6 34. Bxb4
Rxb4 35. Rxb4 cxb4 36. h3 Qb6+ 37. Kh2 Rc7 38. Rc1 Kb8 39. Rc2 b3 40. Rb2 Rb7
41. c5 dxc5 42. d6 Qb5 43. Qa3 a4 44. Rd2 Qb4 45. Qc1 b2 46. Rxb2 Qxb2 47. Qxc5
Qb5 48. Qa3 Ka7 0-1

[Event "62nd ch-IND 2025"]
[Site "Guntur IND"]
[Date "2025.09.29"]
[Round "9.24"]
[White "Badole Shaunak"]
[Black "Sriram, Jha"]
[Result "0-1"]
[BlackTitle "GM"]
[WhiteElo "2086"]
[BlackElo "2322"]
[WhiteFideId "25952900"]
[BlackFideId "5001668"]
[EventDate "2025.09.21"]

1. Nf3 d5 2. b3 Bf5 3. Bb2 e6 4. g3 Nf6 5. Bg2 h6 6. O-O Be7 7. d3 O-O 8. Nbd2
Bh7 9. Re1 c6 10. e4 a5 11. a3 Nbd7 12. Qe2 b5 13. Rad1 Qb6 14. h3 a4 15. exd5
cxd5 16. b4 Rac8 17. c4 Rfe8 18. c5 Qa6 19. Bf1 Rb8 20. d4 Bd8 21. Ne5 Bc7 22.
f4 Nf8 23. Qe3 N6d7 24. Bd3 Bxd3 25. Qxd3 f6 26. Nxd7 Nxd7 27. Qg6 Nf8 28. Qh5
Qc6 29. Nf3 Qd7 30. Nh4 Qf7 31. Qxf7+ Kxf7 32. Kg2 g5 33. fxg5 hxg5 34. Nf3 Nd7
35. Re2 Rg8 36. g4 Nf8 37. Bc1 Ng6 38. Rde1 Bf4 39. Bb2 Bc7 40. Bc1 Bf4 41. Bb2
Rbe8 42. Rd1 Rh8 43. Rde1 Re7 44. Rf1 Ke8 45. c6 Kf7 46. Rc2 Rc7 47. Rh1 Rhc8
48. h4 Rxc6 49. Rc5 gxh4 50. g5 fxg5 51. Kh3 Kf6 52. Kg4 Rxc5 53. dxc5+ e5 54.
Rf1 Ke6 55. Re1 Kf6 56. Rf1 Rg8 57. Nxg5 Ke7 58. Nf3 Ke6 59. Re1 Ne7+ 60. Kh5
Nc6 61. Bc1 Bxc1 62. Rxc1 d4 63. Ng5+ Kd5 64. Kxh4 d3 65. Kg4 Nd4 66. Rd1 Ne6
67. Rxd3+ Kc4 68. Rd6 Nxg5 69. Kf5 Nf3 70. Ke4 Rf8 71. Rd7 Rf4+ 72. Ke3 Nd4 73.
Rd8 Rf3+ 74. Ke4 Rxa3 75. Rc8 Ra1 76. Kxe5 Re1+ 77. Kd6 a3 78. Ra8 Kxb4 79. Kd5
Rd1 80. c6 Nb3+ 81. Ke5 Rc1 82. Kd6 Na5 83. c7 a2 0-1

[Event "62nd ch-IND 2025"]
[Site "Guntur IND"]
[Date "2025.09.29"]
[Round "9.25"]
[White "Harshit, Ranjan Sahu"]
[Black "Challa Saharsha"]
[Result "1/2-1/2"]
[WhiteTitle "CM"]
[WhiteElo "2258"]
[BlackElo "2014"]
[WhiteFideId "25638815"]
[BlackFideId "25168525"]
[EventDate "2025.09.21"]

1. e4 c5 2. Nf3 a6 3. c3 d5 4. exd5 Qxd5 5. d4 e6 6. Be3 Nd7 7. c4 Qc6 8. d5
exd5 9. cxd5 Qc7 10. Nc3 Ngf6 11. Bd3 Bd6 12. O-O O-O 13. a4 b6 14. Bc2 h6 15.
h3 Re8 16. Qd2 Bb7 17. Nh4 Bf8 18. Bf4 Ne5 19. Rfe1 Rad8 20. Nf5 Nxd5 21. Nxd5
Bxd5 22. Qc3 f6 23. Qg3 Kh8 24. Nh4 Kg8 25. Nf5 Kh8 26. Nh4 Kg8 27. Ng6 Bd6 28.
Rad1 Bf7 29. Nxe5 Bxe5 30. Rxd8 Qxd8 31. Bxe5 fxe5 32. Rd1 Qf6 33. Rd7 e4 34.
Qc7 Be6 35. Rd6 Rf8 36. Rxb6 Qxf2+ 37. Kh2 Bd5 38. Qe5 Qxc2 39. Qxd5+ Kh7 40.
Qh5 e3 41. Re6 Qxb2 42. Qg6+ Kh8 43. Rxe3 Qb8+ 44. Kg1 Qc7 45. Qxa6 c4 46. Qe6
Rb8 47. Qe5 Qa7 48. Kh2 Rc8 49. a5 1/2-1/2

[Event "62nd ch-IND 2025"]
[Site "Guntur IND"]
[Date "2025.09.29"]
[Round "9.26"]
[White "Jaiveer, Mahendru"]
[Black "Druvesh Dondapati"]
[Result "0-1"]
[WhiteTitle "FM"]
[WhiteElo "2242"]
[BlackElo "2011"]
[WhiteFideId "25611151"]
[BlackFideId "33405980"]
[EventDate "2025.09.21"]

1. e4 c5 2. Nf3 d6 3. d4 cxd4 4. Nxd4 Nf6 5. Nc3 a6 6. Be3 e5 7. Nb3 Be6 8. h3
Nbd7 9. g4 h6 10. Qd2 b5 11. O-O-O Nb6 12. f4 b4 13. fxe5 bxc3 14. Qxc3 Nfd7 15.
exd6 Rc8 16. Bxb6 Nxb6 17. Qd4 Nc4 18. Qa7 Bxd6 19. Bxc4 Rxc4 20. Qxa6 Bf4+ 21.
Kb1 Qc8 22. Qa3 Bg5 23. Rhf1 Be7 24. Qa7 Rc7 25. Qa4+ Bd7 26. Qd4 O-O 27. e5 Be6
28. Qf2 Qa6 29. a3 Rb8 30. Rd3 Bc4 31. Rc3 Rcb7 32. Rc1 Bg5 33. Rd1 Bxb3 34.
cxb3 Rxb3 35. Rxb3 Rxb3 36. h4 Be7 37. Rd7 Qe6 38. Qf5 Qxf5+ 39. gxf5 Bxh4 40.
Ka2 Re3 41. b4 Rxe5 42. a4 Bf2 43. a5 Rxf5 44. Kb3 g5 45. a6 g4 46. a7 Bxa7 47.
Rxa7 g3 0-1

[Event "62nd ch-IND 2025"]
[Site "Guntur IND"]
[Date "2025.09.29"]
[Round "9.27"]
[White "Ankit Ray"]
[Black "Malvin Joshua"]
[Result "1/2-1/2"]
[WhiteTitle "FM"]
[WhiteElo "2221"]
[BlackElo "1966"]
[WhiteFideId "25770624"]
[BlackFideId "33417873"]
[EventDate "2025.09.21"]

1. d4 d5 2. Nf3 Nf6 3. Bf4 e6 4. e3 c5 5. Nbd2 Nc6 6. c3 Bd6 7. Bg3 Bxg3 8. hxg3
Qd6 9. Bd3 h6 10. Qe2 O-O 11. dxc5 Qxc5 12. e4 dxe4 13. Nxe4 Nxe4 14. Bxe4 e5
15. O-O Bg4 16. Rfe1 Rfe8 17. Qc2 Bxf3 18. Bxf3 Nd4 19. Qe4 Nxf3+ 20. Qxf3 Qb5
21. b3 Rad8 22. Rad1 Qa6 23. a4 Qb6 24. c4 e4 25. Rxd8 Rxd8 26. Rxe4 Qb4 27. Re5
a6 28. Kh2 g6 29. Qf6 Rf8 30. Re3 Qd2 31. Qf4 Qb2 32. Re7 Qxb3 33. Qxh6 Qxc4 34.
a5 Qd5 35. f3 Qxa5 36. Rxb7 Qc3 37. Re7 Qf6 38. Re4 Qh8 39. Qxh8+ Kxh8 40. Re7
Kg7 41. Ra7 Rd8 42. Rxa6 Rd4 43. g4 g5 44. Ra2 f6 45. Rf2 Kg6 46. g3 Rd3 47. Kg2
Ra3 48. Re2 Ra4 49. Kf2 Kf7 50. Rd2 Ke6 51. Ke3 Ra3+ 52. Rd3 Ra1 53. f4 Re1+ 54.
Kf2 Ra1 55. Rb3 Kf7 56. Kf3 Ra4 57. Rb7+ Kg6 58. Re7 Ra3+ 59. Re3 Rxe3+ 60. Kxe3
f5 1/2-1/2

[Event "62nd ch-IND 2025"]
[Site "Guntur IND"]
[Date "2025.09.29"]
[Round "9.28"]
[White "Esshan Wadhawan"]
[Black "Umashankar A"]
[Result "1/2-1/2"]
[WhiteElo "2207"]
[BlackElo "1971"]
[WhiteFideId "45062056"]
[BlackFideId "35009931"]
[EventDate "2025.09.21"]

1. e4 c5 2. Nf3 d6 3. Bb5+ Bd7 4. Bxd7+ Qxd7 5. c4 Nf6 6. Nc3 Nc6 7. d4 cxd4 8.
Nxd4 g6 9. f3 Bg7 10. Be3 O-O 11. O-O Rfc8 12. b3 a6 13. Qd3 Rab8 14. a4 Qd8 15.
Rab1 Nd7 16. Nde2 Qa5 17. Qd2 Nde5 18. h3 Nd7 19. Rfc1 h5 20. Kh1 Kh7 21. Rd1
Nf6 22. Qe1 Nd7 23. Rd5 Qd8 24. Rd2 Qh8 25. Rdd1 Nb4 26. Qd2 Nc5 27. Nd5 Nxd5
28. Qxd5 Qe8 29. a5 Nd7 30. Qd2 b6 31. axb6 Nxb6 32. Qa5 Nd7 33. Qxa6 Ra8 34.
Qb5 Ra2 35. Rd2 Rxd2 36. Bxd2 Rb8 37. Qd5 Nb6 38. Qd3 Qc8 39. Bc3 Bxc3 40. Nxc3
Qc5 41. Nd5 Nxd5 42. Qxd5 Qxd5 43. exd5 Kg7 44. Kg1 Kf6 45. Kf2 e6 46. dxe6 Kxe6
47. Ke3 d5 48. cxd5+ Kxd5 49. Kf4 Rb5 50. g4 hxg4 51. fxg4 f6 52. b4 Kd4 53.
Rd1+ Kc3 54. Rd6 g5+ 55. Ke4 Re5+ 56. Kf3 f5 57. Rf6 f4 58. Rf5 Re3+ 59. Kf2
Kxb4 60. Rxg5 Rxh3 61. Rf5 Kc4 62. Rxf4+ Kd5 63. Kg2 Ra3 64. Rf6 Ke5 65. g5 Rb3
66. Kf2 Rh3 67. Ra6 Kf5 68. g6 Rh8 69. Kg2 Kg5 70. Ra3 1/2-1/2

[Event "62nd ch-IND 2025"]
[Site "Guntur IND"]
[Date "2025.09.29"]
[Round "9.29"]
[White "Mahindrakar, Indrajeet"]
[Black "Arnav, Agrawal"]
[Result "0-1"]
[WhiteElo "2074"]
[BlackElo "2191"]
[WhiteFideId "35023721"]
[BlackFideId "48779857"]
[EventDate "2025.09.21"]

1. d4 Nf6 2. Nc3 d5 3. Bf4 g6 4. e3 Bg7 5. h4 h5 6. Nf3 O-O 7. Ne5 c5 8. dxc5
Qa5 9. Qd4 Ng4 10. b4 Qd8 11. Bb5 a6 12. Ba4 a5 13. bxa5 Bd7 14. f3 Nxe5 15.
Bxe5 Bxe5 16. Qxe5 Bxa4 17. O-O Nc6 18. Qg5 Bxc2 19. Rac1 Bf5 20. g4 hxg4 21.
fxg4 Bd3 22. Rfd1 Bc4 23. Nxd5 Bxd5 24. Rxd5 Qc7 25. h5 Qg3+ 26. Kh1 Qh3+ 27.
Kg1 Rxa5 28. hxg6 Rxa2 29. gxf7+ Kh8 30. Qh5+ Qxh5 31. Rxh5+ Kg7 32. Rb1 Ra7 33.
Kg2 Kxf7 34. Kg3 Ke6 35. Rb3 Kd7 36. Rd5+ Kc7 37. Rd2 Ne5 38. g5 Ra4 39. Rd4
Rf3+ 40. Kh4 Rxd4+ 41. exd4 Rxb3 42. dxe5 Kd7 43. g6 Rb1 0-1

[Event "62nd ch-IND 2025"]
[Site "Guntur IND"]
[Date "2025.09.29"]
[Round "9.30"]
[White "Navalgund, Niranjan"]
[Black "Singh, Pritam"]
[Result "1/2-1/2"]
[WhiteTitle "FM"]
[WhiteElo "2185"]
[BlackElo "1933"]
[WhiteFideId "5030854"]
[BlackFideId "5001218"]
[EventDate "2025.09.21"]

1. d4 d5 2. Nf3 e6 3. c4 c6 4. g3 f5 5. Bg2 Nf6 6. O-O Be7 7. b3 O-O 8. Ba3 Bd7
9. Bxe7 Qxe7 10. Ne5 Be8 11. Nd2 Bh5 12. Ndf3 Nbd7 13. Nd3 Ne4 14. Qc2 g5 15.
Nfe5 Ndf6 16. f3 Nd6 17. c5 Nf7 18. Nxf7 Bxf7 19. a4 Nd7 20. e4 fxe4 21. fxe4
Bg6 22. e5 h6 23. Qe2 Qh7 24. Nf2 Bf5 25. Bf3 Rf7 26. b4 Raf8 27. b5 Bg6 28. Bg4
Re7 29. Qe3 Bf5 30. Be2 Ref7 31. Ra2 Nb8 32. Raa1 a6 33. Ng4 Bxg4 34. Rxf7 Qxf7
35. Bxg4 cxb5 36. axb5 axb5 37. h4 Qg6 38. hxg5 Nc6 39. Bh3 hxg5 40. Bf1 b4 41.
Bd3 Qh5 42. Kg2 Qg4 43. Be2 Qe4+ 44. Qxe4 dxe4 45. Rd1 Rd8 46. Bc4 Kf7 47. Rf1+
Ke7 48. Rh1 Rxd4 49. Rh7+ Kd8 50. Bxe6 Nxe5 51. Kf2 Nd7 52. Ke3 Rd1 53. Bg4 Rd3+
54. Kxe4 Nxc5+ 55. Ke5 b3 56. Bf5 Rd1 57. Rh2 Kc7 58. g4 Kb6 59. Kf6 Kb5 60.
Kxg5 Kb4 61. Kf6 Kc3 62. g5 b2 63. Rc2+ Kb3 64. Rxc5 Kb4 65. Rc7 b5 66. Be4 Rf1+
67. Kg7 Re1 68. Bd3 Rd1 1/2-1/2

[Event "62nd ch-IND 2025"]
[Site "Guntur IND"]
[Date "2025.09.29"]
[Round "9.31"]
[White "Sanjay, S Pillai"]
[Black "Das, Sayantan"]
[Result "0-1"]
[BlackTitle "GM"]
[WhiteElo "2074"]
[BlackElo "2435"]
[WhiteFideId "25043943"]
[BlackFideId "5034426"]
[EventDate "2025.09.21"]

1. e4 e6 2. d4 d5 3. e5 c5 4. c3 Bd7 5. Nf3 Ne7 6. Na3 cxd4 7. cxd4 Qb6 8. Bd3
Nf5 9. O-O Be7 10. Nc2 Bb5 11. Bxb5+ Qxb5 12. a4 Qb3 13. Bd2 Nc6 14. Bc3 h5 15.
Qd3 O-O 16. Nd2 Qb6 17. a5 Qc7 18. Qe2 g6 19. Rfc1 Bg5 20. Re1 a6 21. Nf3 Bh6
22. Qd3 Rfc8 23. h3 Qd8 24. Bd2 Bxd2 25. Qxd2 Nxa5 26. Rxa5 Rxc2 27. Qxc2 Qxa5
28. Rd1 Ne7 29. Qc1 Qa4 30. Rd3 Rc8 31. Qg5 Qb5 32. Rd2 Qe8 33. g4 hxg4 34. Nh2
Rc1+ 35. Kg2 gxh3+ 36. Kxh3 Nf5 37. Ng4 Kg7 38. Kg2 Rc8 39. Qf6+ Kf8 40. Rd3 Qd8
41. Rc3 Rb8 42. Qh8+ Ke7 43. Qf6+ Ke8 44. Qh8+ Kd7 45. Qh7 Ke7 46. Nf6 Rc8 47.
Qh3 Rxc3 48. Qxc3 Kf8 49. Qc5+ Kg7 50. Kg1 Nh6 51. b4 Ng8 52. Qd6 Qxd6 53. Ne8+
Kf8 54. Nxd6 Ne7 55. b5 Nf5 56. Nxb7 axb5 0-1

[Event "62nd ch-IND 2025"]
[Site "Guntur IND"]
[Date "2025.09.29"]
[Round "9.32"]
[White "Guru Prakash"]
[Black "Panda, Sambit"]
[Result "0-1"]
[BlackTitle "IM"]
[WhiteElo "2055"]
[BlackElo "2368"]
[WhiteFideId "25138316"]
[BlackFideId "25091794"]
[EventDate "2025.09.21"]

1. e4 Nc6 2. Nf3 d6 3. d4 Nf6 4. Nc3 e6 5. h3 Be7 6. Bf4 O-O 7. Bd3 a6 8. O-O
Nxd4 9. Nxd4 e5 10. Be3 exd4 11. Bxd4 c5 12. Be3 b5 13. a4 b4 14. Nd5 Nxd5 15.
exd5 Bf6 16. Rb1 g6 17. Bd2 Bb7 18. Qf3 Bg5 19. Rbd1 Bxd2 20. Rxd2 Qg5 21. Rfd1
Bxd5 22. Be4 Bxe4 23. Qxe4 Rae8 24. Qd3 Re6 25. Qxa6 Rfe8 26. Qf1 Qf6 27. b3 Qc3
28. Kh2 d5 29. Qd3 Qe5+ 30. Qg3 Qxg3+ 31. Kxg3 d4 32. Kf3 Kf8 33. g3 R8e7 34. h4
h6 35. Ra1 Ke8 36. Rc1 Rd6 37. Rdd1 Rf6+ 38. Kg2 Re2 39. Rf1 h5 40. Rce1 Rxf2+
41. Rxf2 Rxe1 42. Kf3 Re3+ 43. Kf4 Kd7 44. g4 hxg4 45. Kxg4 Ke6 46. Kf4 f5 47.
Rg2 Kf6 48. Rh2 c4 49. bxc4 Rc3 50. Rd2 Rxc4 51. Rd3 Rxc2 52. Rxd4 Rg2 53. a5 b3
54. Rd6+ Kg7 55. h5 Rg4+ 56. Kf3 gxh5 57. Rb6 h4 58. Kf2 Ra4 59. a6 Ra2+ 60. Kf3
h3 61. Rxb3 h2 62. Rb1 Rxa6 63. Kg3 Rh6 64. Kg2 Rh8 65. Kh1 Kf6 66. Rb4 Kg5 67.
Ra4 Rh6 68. Rb4 Rh7 69. Rc4 Rh5 70. Rb4 Rh7 71. Rc4 Rh6 72. Rb4 f4 73. Rb5+ Kg4
74. Rb3 Rh8 75. Ra3 Rh7 76. Rb3 Rh6 77. Ra3 Rh5 78. Rb3 Rh8 79. Ra3 Rh7 80. Rb3
Kf5 81. Rb4 Rh3 82. Rb5+ Kg4 83. Rb4 Re3 84. Kxh2 Re2+ 85. Kg1 Kg3 86. Kf1 Rh2
87. Kg1 Rc2 88. Rb1 f3 89. Ra1 Rg2+ 90. Kh1 Rh2+ 0-1